Public Administration: Issues & Perspective/ (Record no. 614288)

000 -LEADER
fixed length control field 00398nam a22001457a 4500
020 ## - INTERNATIONAL STANDARD BOOK NUMBER
International Standard Book Number 9789696640547
082 ## - DEWEY DECIMAL CLASSIFICATION NUMBER
Classification number 352.608
Author Mark DIN
100 ## - MAIN ENTRY--PERSONAL NAME
Personal name Iqra Riaz-Ud-Din
245 ## - TITLE STATEMENT
Title Public Administration: Issues & Perspective/
260 ## - PUBLICATION, DISTRIBUTION, ETC.
Place of publication, distribution, etc. Lahore:
Name of publisher, distributor, etc. JWT Publication,
Date of publication, distribution, etc. 2009.
300 ## - PHYSICAL DESCRIPTION
Extent 408 p.
Dimensions 24cm
563 ## - BINDING INFORMATION
Binding note PB.
650 ## - SUBJECT ADDED ENTRY--TOPICAL TERM
Topical term or geographic name entry element Public Administration - Pakistan.
942 ## - ADDED ENTRY ELEMENTS (KOHA)
Source of classification or shelving scheme
Koha item type Book
650 ## - SUBJECT ADDED ENTRY--TOPICAL TERM
-- 129738
Holdings
Withdrawn status Lost status Source of classification or shelving scheme Damaged status Not for loan Permanent Location Current Location Shelving location Date acquired Total Checkouts Full call number Barcode Date last seen Price effective from Koha item type
          Central Library (CL) Central Library (CL) Public Administration 07/12/2025   352.608 DIN CL-D-2753 07/12/2025 07/12/2025 Book
© 2023 Central Library, National University of Sciences and Technology. All Rights Reserved.